000
00312nam a22001337a 4500
008
170327b xxu||||| |||| 00| 0 eng d
020
_a
9781592574193
041
_a
eng
080
_2
3 ED
_a
615.83
100
_a
8
101
_a
SHM
245
_a
IDIOTS GUIDE COMPLETE WHITE TRAINING
_c
CANE.D.J
942
_2
udc
_c
BK
999
_c
8709
_d
8709